000 00356nam a2200145 i 4500
001 bg
100 1 _aVAGEL, Alfred
245 0 _aPielęgnowanie chorego w domu /
_cAlfred Vagel, Georg Wodraschke.
260 _aWarszawa,
_c1980.
700 1 _aWODRASCHKE, Georg
040 _cBPK
041 _apol
942 _cKS
008 s pl f |000 0 pol
999 _c820
_d820
856 _uhttp://koha.tu.koszalin.pl/cgi-bin/koha/opac-detail.pl?biblionumber=820
_yKatalog online BPK